| 000 | 00463cam a2200181ua 4500 | ||
|---|---|---|---|
| 020 | _c1.8 anna | ||
| 041 |
_amal _h |
||
| 082 |
_a894.81209 _bGOV/KA |
||
| 100 | _aGovindan Kutty Nair, Ullattil. | ||
| 245 |
_aKavyaswodanam / _cUllattil Govindan kutty nair. _hTextual Documents |
||
| 250 |
_a1 / _b. |
||
| 260 |
_aCalicut : _bP K Brothers , _c1956. |
||
| 300 | _a133 ; . | ||
| 365 | _a1.8 anna | ||
| 504 | _a | ||
| 942 | _cBK | ||
| 999 |
_c11591 _d11591 |
||